Vista normal
Vista MARC
Entrada Personal Name
Número de registros utilizados en: 1
001 - CONTROL NUMBER
- control field: 16720
003 - CONTROL NUMBER IDENTIFIER
- control field: DLC
005 - DATE AND TIME OF LATEST TRANSACTION
- control field: 20250210095533.0
008 - FIXED-LENGTH DATA ELEMENTS
- fixed length control field: 960326n| azannaabn |a aaa
010 ## - LIBRARY OF CONGRESS CONTROL NUMBER
- LC control number: n 96029353
035 ## - SYSTEM CONTROL NUMBER
- System control number: (CaEvSKY)skya4260385
035 ## - SYSTEM CONTROL NUMBER
- System control number: (OCoLC)oca04043386
040 ## - CATALOGING SOURCE
- Original cataloging agency: DLC
- Language of cataloging: spa
- Description conventions: rda
- Transcribing agency: Mx-PuUPA
- Modifying agency: DLC
- Modifying agency: MX-SlUA
- Modifying agency: OCoLC
- Modifying agency: IAhCCS
- Modifying agency: Mx-PuUPA
046 ## - SPECIAL CODED DATES
- Birth date: 19671011
- Source of date scheme: edtf
100 1# - HEADING--PERSONAL NAME
- Personal name: Thiel, Peter,
- Dates associated with a name: 1967-
372 ## - FIELD OF ACTIVITY
- Field of activity: Emprendimiento
- Field of activity: Tecnología
- Source of term: lcsh
373 ## - ASSOCIATED GROUP
- Associated group: Universidad de Stanford
- Associated group: PayPal (Firm)
- Source of term: naf
373 ## - ASSOCIATED GROUP
- Associated group: Tecnologías Palantir
374 ## - OCCUPATION
- Occupation: Abogado
- Occupation: Autor
- Source of term: lcsh
375 ## - GENDER
- Gender: hombre
377 ## - ASSOCIATED LANGUAGE
- Language code: eng
400 1# - SEE FROM TRACING--PERSONAL NAME
- Control subfield: nne
- Personal name: Thiel, Peter A.
- Dates associated with a name: 1967-
670 ## - SOURCE DATA FOUND
- Source citation: The diversity myth, 1995:
- Information found: t.p. (Peter A. Thiel)
670 ## - SOURCE DATA FOUND
- Source citation: The blueprint, c2012:
- Information found: ECIP t.p. (Peter Thiel) data view screen, etc. (co-founded PayPal, early investor in Facebook; Peter Andreas Thiel, b. 1967; BA, Philosophy, Stanford Univ., JD, Stanford Law School)
670 ## - SOURCE DATA FOUND
- Source citation: De cero a uno: Cómo inventar el futuro, 2015:
- Information found: title page (Peter Thiel) front flap (Peter Thiel es un emprendedor tecnológico y un conocido inversor por ser cofundador de PayPal. También cofundó la firma de análisis de datos Palantir Technologies, se convirtió en el primer inversor de Facebook. Licenciado en Derecho por la Universidad de Stanford)
670 ## - SOURCE DATA FOUND
- Source citation: Wikipedia, viewed Sept. 14, 2021
- Information found: (Peter Andreas Thiel (born 11 October 1967) is a German-American billionaire entrepreneur and venture capitalist. A co-founder of PayPal, Palantir Technologies, and Founders Fund, he was the first outside investor in Facebook)
- Uniform Resource Identifier: https://en.wikipedia.org/wiki/Peter_Thiel